000 00571nam a2200241Ia 4500
003 OSt
005 20221007082158.0
006 a|||||r|||| 00| 0
007 ta
008 221006b |||||||| |||| 00| 0 eng d
024 _a24,196
037 _cTextual
040 _aFLL
_cFLL
_beng
041 _2eng
_aeng
082 _aZ2qm, G8.1
110 _aGovt. of India
245 0 _aUnrepealed central acts
260 _c1938
300 _axviii,1-643p
_ccm.
700 _aGovt. of India
942 _hZ2qm, G8.1
_cTEXL
_2CC
999 _c1165578
_d1165578